Merchant Prince of Boston (Record no. 495671)

MARC details
000 -LEADER
fixed length control field 00765nam a2200253Ia 4500
003 - CONTROL NUMBER IDENTIFIER
control field OSt
005 - DATE AND TIME OF LATEST TRANSACTION
control field 20220925180123.0
008 - FIXED-LENGTH DATA ELEMENTS--GENERAL INFORMATION
fixed length control field 220923b |||||||| |||| 00| 0 eng d
037 ## - SOURCE OF ACQUISITION
Terms of availability General Book
040 ## - CATALOGING SOURCE
Original cataloging agency RTL
Transcribing agency RTL
Language of cataloging eng
041 ## - LANGUAGE CODE
Source of code eng
Language code of text/sound track or separate title eng
100 ## - MAIN ENTRY--PERSONAL NAME
Personal name Seaburg Carl
9 (RLIN) 250612
245 #0 - TITLE STATEMENT
Title Merchant Prince of Boston
Remainder of title Colonel T H Perkins, 1764-1854
260 ## - PUBLICATION, DISTRIBUTION, ETC.
Place of publication, distribution, etc. Cambridge
Name of publisher, distributor, etc. Harvard University Press
Date of publication, distribution, etc. 1971
300 ## - PHYSICAL DESCRIPTION
Extent xi, 478p.
Dimensions cm.
490 ## - SERIES STATEMENT
Series statement Harvard Studies in Business history. 16
650 ## - SUBJECT ADDED ENTRY--TOPICAL TERM
Topical term or geographic name entry element Commerce
700 ## - ADDED ENTRY--PERSONAL NAME
Personal name Paterson Stanley
9 (RLIN) 250613
942 ## - ADDED ENTRY ELEMENTS (KOHA)
Classification part X5wL64, L1
Koha item type General Books
Source of classification or shelving scheme Colon Classification (CC)
Holdings
Withdrawn status Lost status Damaged status Not for loan Home library Current library Date acquired Total Checkouts Full call number Barcode Date last seen Price effective from Koha item type
        Ratan Tata Library Ratan Tata Library 2022-09-25   X5wL64 L1 RT0531036 2022-09-25 2022-09-25 General Books
Copyright @ Delhi University Library System